000
00226nam a22000857a 4500
008
161201b xxu||||| |||| 00| 0 eng d
100
_9
1675
_a
Christelow.E
245
_a
Five little monkeys
260
_a
New Delhi
_b
N.Y.Scholostics
_c
2007
999
_c
4387
_d
4387